Contemporary Indian english poetry: Comparing male and female voices (Record no. 396432)

MARC details
000 -LEADER
fixed length control field 00509 a2200181 4500
005 - DATE & TIME
control field 20260423142919.0
008 - FIXED-LENGTH DATA ELEMENTS--GENERAL INFORMATION
fixed length control field 260423b |||||||| |||| 00| 0 eng d
020 ## - ISBN
International Standard Book Number 9788126930722
Price Rs. 695.00
040 ## - CATALOGING SOURCE
Original cataloging agency VIVEKANANDA LIBRARY
082 ## - DDC NUMBER
Classification number 891.4
Book Number S64C
100 ## - MAIN ENTRY--PERSONAL NAME
Personal name Singh, Kanwar Dinesh
245 ## - TITLE STATEMENT
Title Contemporary Indian english poetry: Comparing male and female voices
260 ## - PUBLICATION, DISTRIBUTION, ETC. (IMPRINT)
Name of publisher, distributor, etc Atlantic Publishers
Place of publication, distribution, etc New Delhi
Date of publication, distribution, etc 2020
300 ## - PHYSICAL DESCRIPTION
Pages v, 208
650 ## - Subject
Subject Literature
650 ## - Subject
Subject Indian Literature
942 ## - ADDED ENTRY ELEMENTS (KOHA)
Koha item type Books
Holdings
Withdrawn status Lost status Source of classification or shelving scheme Damaged status Not for loan Location (home branch) Sublocation or collection (holding branch) Shelving location Date acquired Koha issues (times borrowed) Koha full call number Accession No. Koha date last seen Koha item type
    Dewey Decimal Classification     VIVEKANANDA LIBRARY VIVEKANANDA LIBRARY Vivekananda Library 28/01/2026   891.4 S64C 444780 28/01/2026 Books
© Designed and Maintained by Vivekananda Library, MDU Rohtak